Ecological heterogeneity
Saved in:
| Other Authors: | , |
|---|---|
| Format: | Book |
| Language: | English |
| Published: |
New York :
Spinger-Verlag,
1991
|
| Series: | Ecological studies ;
; 86 |
| Subjects: | |
| Tags: |
Add Tag
No Tags, Be the first to tag this record!
|
MARC
| LEADER | 00000nam a2200000 i 4500 | ||
|---|---|---|---|
| 001 | 1/5950 | ||
| 008 | 960619s1991 eng d | ||
| 020 | |a 0-387-97418-0 | ||
| 035 | |l 10016185 | ||
| 040 | |a GR-MY-UA |b gre |e aacr | ||
| 041 | 0 | |a eng | |
| 082 | 0 | |a 574.524 | |
| 245 | 1 | 0 | |a Ecological heterogeneity / |c Edited by Jurek Kolasa; Steward T. A. Pickett |
| 260 | |a New York : |b Spinger-Verlag, |c 1991 | ||
| 300 | |a 332 p. |b maps; tables | ||
| 490 | 1 | |a Ecological studies |v ; 86 | |
| 504 | |a Includes bibliographical references and index. | ||
| 650 | 0 | 0 | |a Ecological heterogeneity. |
| 700 | 1 | |a Kolasa, Jurek. |4 edt | |
| 700 | 1 | |a Pickett, Steward T. |4 edt | |
| 830 | 0 | |a Ecological studies ; |v ; 86 | |
| 852 | |a INST |b LESVOS |e 19960619 |h 574.524 ECO |p 005100005756 |q 005100005756 |t BK |y 0 | ||
| 909 | |a Λ |b 025254 | ||